000 00524nam a22001937a 4500
003 KOHA_MİRAKIL
005 20250929092926.0
008 250929b tu ||||| |||| 00| 0 tur d
020 _a9789752209671
040 _aTR-AnABB
_btur
_cTR-AnABB
041 _atur
082 _a813.42
_bOZB 2021
100 1 _aÖzben, Adil Yasin,
245 1 0 _aDedektif /
_cAdil Yasin Özben
260 _aAnkara :
_bBilgi Yayınevi,
_c2021
300 _a488 sayfa ;
_c20 cm
650 0 4 _aTürk edebiyatı, roman
942 _2ddc
_cBK
999 _c8948
_d8948
900 _bGizem YORULMAZ